00481nam a22001817a 450000500170000000600190001700700030003600800410003901000220008002000200010203500130012203700130013508200080014824500370015626000300019327000420022330000340026520190109171354.0a|||||f|||| 00| 0 tc180720b xxu||||| |||| 00| 0 eng d aB-348081-B-348084 c187.00(per set) aB-348081 bA.I.C.B. a480 aEnglish For students of Commerce aNew DelhibA.C.I.B.cN.D. aSector-5, Rohini, bNew Delhie110085 a2V.,various pages.c30cm(HB).